000 00639nam a2200277Ia 4500
005 20260324135911.0
008 008 260324s9999 xx 000 0 eng d
020 _a9781315784755
037 _aEBOOK
040 _aCRL
040 _beng
040 _cCRL
041 _2eng
041 _aeng
084 _qCRL
100 _aChris Donlan
_91202346
245 4 _aThe Development of Mathematical Skills
260 _bTaylor and Francis
260 _c1999
365 _a
365 _b200
856 _uhttp://www.taylorfrancis.com/books/9781315784755
942 _cEBOOK
999 _c1803888
_d1803888